Responses for Show #7630 - Friday, November 10, 2017

2017 Tournament of Champions quarterfinal game 5.

Contestants

[<< previous game]

Jon Eisenman, an attorney from Los Angeles, California

Justin Vossler, a high school history teacher from Homer, New York

Andrew Pau, an associate professor from Amherst, Ohio

[next game >>]

Jeopardy! Round responses

UNSCRIPTED TV
FRUIT, NOT FRUIT
INNOVATIONS
FRENCH DIP
DEMOCRATS
REPUBLIC "-AN"s
    $200 26
The Price is Right

Jon
    $200 21
a lemon law

Jon
    $200 20
a zipper

Jon
    $200 5
the water is cold

Justin
    $200 10
the French Revolution

Justin
    $200 15
Afghanistan

Justin
    $400 27
Dog

Justin
    $400 6
Strawberry Fields

Jon
    $400 19
a map

Justin
    $400 4
a whale

Andrew
    $400 11
the Federalists

Andrew
    $400 23
Pakistan

Jon
    $600 28
The Ed Sullivan Show

Justin
    $600 7
(Jon: Who is Peach... [*]?)

Princess Peach

Jon
    $600 18
an ejection seat

Justin
    $600 1
the diving board

Andrew
    $600 12
copperheads

Justin
    $600 22
South Sudan

Andrew
    $800 29
Million Dollar Listing

Triple Stumper
    $800 8
Apple Jacks

Triple Stumper
    $800 17
an elevator

Andrew
    $1,000 2
the deep side (or deep end)

Andrew
    $800 13
(Andrew: What is Christian?)

social

AndrewJustin
    $800 24
San Marino

Justin
    $1000 30
food trucks

Andrew
    $1000 9
Bananas

Andrew
    $1000 16
a circuit breaker

Jon
    $1000 3
a beach towel

Andrew
    $1000 14
duma

Justin
    $1000 25
the Dominican Republic

Triple Stumper

Scores at the first commercial break (after clue 15):

Andrew Justin Jon
$3,600 $3,000 $1,000

Scores at the end of the Jeopardy! Round:

Andrew Justin Jon
$6,000 $5,800 $3,000

Double Jeopardy! Round responses

IN THE YEAR 1017
CLASSICAL MUSIC
SCIENCE FICTION
PLAYING MIDDLE C
INDIAN AMERICANS
MOVIEMAKER'S MASHUP
(Alex: You have to name the two films by the same director that we have managed somehow to mash up.)
    $400 10
Kiev

Andrew
    $400 9
Surprise

Justin
    $400 26
Frank Herbert

Triple Stumper
    $400 15
an act

Andrew
    $400 21
Mindy Kaling

Andrew
    $400 20
(Andrew: What is Dial M for Murder and Stranger on a Train?)
(Justin: What is Dial M for Murder and Murder on a Train?)

Dial M for Murder & Strangers on a Train

AndrewJustin
Triple Stumper
    $800 12
Sri Lanka

Justin
    $800 8
The Rite of Spring

Andrew
    $800 27
the triffids

Triple Stumper
    $800 4
a yacht

Andrew
    $800 22
(Salman) Khan

Justin
    $800 19
Cape Fear & Raging Bull

Andrew
    $1200 11
the Byzantine

Justin
    $1200 5
"The Storm At Sea"

Andrew
    $1200 28
(Jon: What is an alternate history?)

an oral history

JustinJon
    $1200 1
to excel

Justin
    $3,000 23
(Fareed) Zakaria

Justin
    $1200 16
Throne of Blood & The Seven Samurai

Andrew
    $1600 13
(Justin: What is the Assassins?)

the Druze

Justin
Triple Stumper
    $8,000 6
(Alex: Camille Saint-Saƫns.)

Carnival of the Animals

Andrew
    $1600 29
John Carter

Triple Stumper
    $1600 2
a provocateur

Justin
    $1600 24
(Kamala) Harris

Andrew
    $1600 17
The Virgin Suicides & Lost in Translation

Andrew
    $2000 14
Cnut

Andrew
    $2000 7
Mendelssohn

Andrew
    $2000 30
Fantastic Voyage

Triple Stumper
    $2000 3
a thicket

Justin
    $2000 25
Sanjay Gupta

Jon
    $2000 18
Paths of Glory & A Clockwork Orange

Triple Stumper

Scores at the end of the Double Jeopardy! Round:

Andrew Justin Jon
$26,800 $16,000 $3,800

Final Jeopardy! Round responses

AWARDS & HONORS
(Alex: [To Andrew] In honor of George VI. You are right. It's not a possessive.)
JonWhat is the Edward Cross
$3,800
JustinWhat is the George's Cross?
$7,000
AndrewWhat is the George Cross
$2,200
the George Cross

Final scores:

Andrew Justin Jon
$29,000 $9,000 $0
Automatic semifinalist 2nd place: $5,000 if eliminated 3rd place: $5,000 if eliminated

Game dynamics:

Coryat scores:

Andrew Justin Jon
$20,200 $14,200 $3,800
22 R
(including 2 DDs),
2 W
20 R
(including 1 DD),
2 W
8 R,
1 W

Combined Coryat: $38,200

[game clues] [game scores] [suggest correction]

Game tape date: 2017-09-18
The J! Archive is created by fans, for fans. Scraping, republication, monetization, and malicious use prohibited; this site may use cookies and collect identifying information. See terms. The Jeopardy! game show and all elements thereof, including but not limited to copyright and trademark thereto, are the property of Jeopardy Productions, Inc. and are protected under law. This website is not affiliated with, sponsored by, or operated by Jeopardy Productions, Inc. Join the discussion at JBoard.tv.